ARRUPE JESUIT UNIVERSITY

CORONAVIRUS -STOP THE SPREAD - CLEAN,DISINFECT,COVER

From shool to work : (Record no. 124476)

MARC details
000 -LEADER
fixed length control field 00652nam a22001697a 4500
008 - FIXED-LENGTH DATA ELEMENTS--GENERAL INFORMATION
fixed length control field 160323b xxu||||| |||| 00| 0 eng d
050 ## - LIBRARY OF CONGRESS CALL NUMBER
Classification number HD6276.Z333L8738 1985
100 ## - MAIN ENTRY--PERSONAL NAME
Personal name Hoppers, Wim
9 (RLIN) 23333
245 ## - TITLE STATEMENT
Title From shool to work :
Remainder of title youth, non-formal training and employment in Lusaka
Statement of responsibility, etc / Hoppers Wim
260 ## - PUBLICATION, DISTRIBUTION, ETC. (IMPRINT)
Place of publication, distribution, etc Centre for the Study of Education in Developing Countries
Name of publisher, distributor, etc Hague
Date of publication, distribution, etc 1985
300 ## - PHYSICAL DESCRIPTION
Extent 266p. ;
Dimensions 24cm.
440 ## - SERIES STATEMENT/ADDED ENTRY--TITLE
Title CESO paperback
9 (RLIN) 23334
650 ## - SUBJECT ADDED ENTRY--TOPICAL TERM
Topical term or geographic name as entry element Youth
General subdivision Employement
Geographic subdivision Zambia-Lusaka
9 (RLIN) 23335
650 ## - SUBJECT ADDED ENTRY--TOPICAL TERM
Topical term or geographic name as entry element Occupational training
Geographic subdivision Zambia-Lusaka
9 (RLIN) 23336
650 ## - SUBJECT ADDED ENTRY--TOPICAL TERM
Topical term or geographic name as entry element Non-formal education
Geographic subdivision Zambia-Lusaka
9 (RLIN) 23337
942 ## - ADDED ENTRY ELEMENTS (KOHA)
Source of classification or shelving scheme Library of Congress Classification
Item type Monograph ( Printed materials)
Holdings
Withdrawn status Lost status Source of classification or shelving scheme Damaged status Not for loan Collection code Home library Current library Shelving location Date acquired Total Checkouts Full call number Barcode Date last seen Price effective from Koha item type
    Library of Congress Classification     Main Collection ARRUPE LIBRARY ARRUPE LIBRARY Main Collection 23/03/2016   HD6276.Z333L8738 1985 46500006276 08/05/2018 23/03/2016 Monograph ( Printed materials)

 

Arrupe Library. PO Box MP320 Mt Pleasant, Harare, Zimbabwe
263 242 745411|librarian@aju.ac.zw